Giáo trình Toán học : Dành cho hệ dự bị Đại học
Trình bày những nội dung cơ bản của toán học: tổ hợp và xác suất; phương trình, hệ phương trình, bất phương trình; lượng giác; đạo hàm và ứng dụng; nguyên hàm và tích phân; số phức; đường thẳng và mặt phẳng trong không gian; khổi đa die...
Shranjeno v:
| Format: | Knjiga |
|---|---|
| Jezik: | Undetermined |
| Izdano: |
Cần Thơ
Nx. Đại học Cần Thơ
2013
|
| Teme: | |
| Oznake: |
Označite
Brez oznak, prvi označite!
|
| Thư viện lưu trữ: | Trung tâm Học liệu Trường Đại học Cần Thơ |
|---|
| LEADER | 01227nam a2200205Ia 4500 | ||
|---|---|---|---|
| 001 | CTU_229761 | ||
| 008 | 210402s9999 xx 000 0 und d | ||
| 082 | |a 510.7 | ||
| 082 | |b Gi108 | ||
| 245 | 0 | |a Giáo trình Toán học : | |
| 245 | 0 | |b Dành cho hệ dự bị Đại học | |
| 245 | 0 | |c Dự án phát triển giáo viên THPT&TCCN. Trường Đại học Sư phạm Hà Nội 2 | |
| 260 | |a Cần Thơ | ||
| 260 | |b Nx. Đại học Cần Thơ | ||
| 260 | |c 2013 | ||
| 520 | |a Trình bày những nội dung cơ bản của toán học: tổ hợp và xác suất; phương trình, hệ phương trình, bất phương trình; lượng giác; đạo hàm và ứng dụng; nguyên hàm và tích phân; số phức; đường thẳng và mặt phẳng trong không gian; khổi đa diện - mặt cầu - mặt trụ - mặt nón; vectơ; phương pháp toạ độ trong mặt phẳng; phương pháp toạ độ trong không gian | ||
| 650 | |a Toán học,Mathematics | ||
| 650 | |x Dạy và học,Study and teaching | ||
| 910 | |b nthai | ||
| 980 | |a Trung tâm Học liệu Trường Đại học Cần Thơ | ||